Frahmenty Ivan Macyns'kyj u spohadach sučasnykiv

Bibliographic Details
Other Authors: Bobák, Milan, 1944- (Compiler)
Format: Book
Language:Ukrainian
PhysicalDescription:138 s. fotogr. 20 cm
Published: Prjašiv Sojuz rusyniv-ukrajinciv Slovac'koji Respubliky 2000
ISBN:808513716X
Subjects:

MARC

LEADER 00000nam a2200000 a 4500
001 vtls001409542
003 SK-MaSNL
005 20260302001358.0
008 251117s2000 xo a rb ukr
015 |a SNBA2002/04-01514 
020 |a 808513716X 
035 |a SNK000364230 
035 |a urn:nbn:sk:snk-amkmix 
035 |a urn:nbn:sk:snk-am003sa2 
035 |a 9B6D0E32-BA6E-4C1D-8AF4-E6786ABD5DB3 
040 |a SNK  |b slo  |c SNK  |e AACR2 
041 0 |a ukr 
044 |a xo  |c SK 
080 |a 82:929:887.5 (437.6)=875  |2 1981 
080 |a 887.5 (437.6)=875  |2 1981 
080 |a 929 Macinský, Ivan  |2 1981 
245 0 0 |a Frahmenty  |b Ivan Macyns'kyj u spohadach sučasnykiv  |c [uporjadnyk Milan Bobak] 
260 |a Prjašiv  |b Sojuz rusyniv-ukrajinciv Slovac'koji Respubliky  |c 2000 
300 |a 138 s.  |b fotogr.  |c 20 cm 
500 |a Čiast. text slov. a rus. 
500 |a Súbež. tir. slov. 
500 |a Ilustr. na front. 
500 |a Údaj o zost. prevzatý z rubu tit. strany 
504 |a Biograf. údaje 
600 1 |a Macinský, Ivan,  |d 1922-1987  |2 SNK  |9 182724 
655 7 |a biografie  |2 SNK  |9 27965 
655 7 |a umelecká literatúra  |2 SNK  |9 60405 
700 1 |a Bobák, Milan,  |d 1944-  |4 com  |9 100945 
710 0 |a Zväz Rusínov-Ukrajincov Slovenskej republiky  |4 pbl  |9 18604 
752 |d Prešov 
852 |a Slovenská národná knižnica 
919 |a 80-85137-16-X 
954 |a beletria cudzojazyčná (svetová)  |2 lita 
958 |a OND 
958 |a TL 
958 |a BX 
958 |a UK 
958 |a LX 
999 |c 983624  |d 985554 
952 |t P60, <04>, [BOOK], {604}  |a SNK  |b SNK  |y VYP  |7 0  |p 17A0295688  |o snkSC 104615 D1  |i snkKSP 5229/2001  |0 0  |1 0  |4 0  |d 2001-04-18  |l 0  |r 2005-01-02 00:00:00  |w 2026-02-24 
952 |t P60, <03>, [BOOK], {603}  |a SNK  |b SNK  |y PREZ  |7 0  |p 17A0295687  |o snkSC 104615  |i snkKSP 5228/2001  |0 0  |1 0  |4 0  |d 2001-04-18  |f 1  |l 0  |r 2025-09-25 00:00:00  |w 2026-02-24